[Event "6th ch-Iberoamericano"]
[Site "Bilbao ESP"]
[Date "2015.10.26"]
[Round "1.1"]
[White "Daneri, Martin"]
[Black "Vallejo Pons, Francisco"]
[Result "0-1"]
[WhiteTitle "CM"]
[BlackTitle "GM"]
[WhiteElo "2112"]
[BlackElo "2684"]
[WhiteFideId "104981"]
[BlackFideId "2205530"]
[EventDate "2015.10.26"]

1. b3 Nf6 2. Bb2 g6 3. Bxf6 exf6 4. c4 b6 5. e3 Bb7 6. Nf3 f5 7. Nc3 f4 8. Be2
fxe3 9. fxe3 Bg7 10. Rc1 O-O 11. O-O a5 12. Qe1 Na6 13. Qg3 Nc5 14. Nb5 d6 15.
Nc3 Bxc3 16. dxc3 Qe7 17. Nd4 Rae8 18. Nf5 Qe5 19. Nh6+ Kg7 20. Qxe5+ Rxe5 21.
Ng4 Re7 22. Bf3 f5 23. Bxb7 Nxb7 24. Nf2 Rxe3 25. Nh3 Nc5 26. b4 Nd3 27. Rb1 Ra8
28. b5 Rae8 29. Rbd1 R8e4 30. Rf3 Rxf3 31. gxf3 Re3 32. Rxd3 Rxd3 33. Nf4 Rxc3
34. Ne6+ Kf7 35. Nxc7 Rxc4 36. Nd5 Rc5 0-1

[Event "6th ch-Iberoamericano"]
[Site "Bilbao ESP"]
[Date "2015.10.26"]
[Round "1.2"]
[White "Granda Zuniga, Julio E"]
[Black "Sadusea, Johnny"]
[Result "1-0"]
[WhiteTitle "GM"]
[WhiteElo "2667"]
[BlackElo "2094"]
[WhiteFideId "3800024"]
[BlackFideId "3901491"]
[EventDate "2015.10.26"]

1. d4 Nf6 2. c4 e6 3. Nc3 d5 4. Bg5 c6 5. e3 Nbd7 6. cxd5 exd5 7. Bd3 Bd6 8.
Nge2 O-O 9. Qc2 h6 10. Bh4 Re8 11. h3 Nf8 12. g4 Ne6 13. O-O-O Be7 14. f4 Nd7
15. Bf2 Bh4 16. Ng3 Nc7 17. Rhg1 c5 18. g5 hxg5 19. Nf5 Bxf2 20. Qxf2 cxd4 21.
exd4 Nf8 22. fxg5 Bxf5 23. Bxf5 Qd6 24. h4 Nce6 25. Rdf1 Re7 26. h5 g6 27. Bc2
Rd8 28. Qh4 Ng7 29. hxg6 fxg6 30. Kb1 Nh5 31. Nxd5 Rh7 32. Qg4 Kh8 33. Nf6 Nxf6
34. Rxf6 Qd7 35. Qf4 1-0

[Event "6th ch-Iberoamericano"]
[Site "Bilbao ESP"]
[Date "2015.10.26"]
[Round "1.3"]
[White "Gonzalez Martinez, Miguel Angel"]
[Black "Bruzon Batista, Lazaro"]
[Result "0-1"]
[BlackTitle "GM"]
[WhiteElo "2084"]
[BlackElo "2659"]
[WhiteFideId "22244204"]
[BlackFideId "3503739"]
[EventDate "2015.10.26"]

1. c4 c5 2. Nc3 Nc6 3. g3 g6 4. Bg2 Bg7 5. Nf3 d6 6. O-O e6 7. e4 Nge7 8. Re1
O-O 9. d3 a6 10. Bg5 h6 11. Be3 Nd4 12. Qd2 Kh7 13. Bxd4 cxd4 14. Ne2 e5 15. b4
b5 16. Rec1 Be6 17. Ne1 Qb6 18. c5 dxc5 19. bxc5 Qc7 20. Rab1 Nc6 21. a3 Rab8
22. Rb2 a5 23. Nc2 h5 24. Rcb1 Bh6 25. Qe1 Bd7 26. Nc1 Nd8 27. Nb3 Nb7 28. Bf1
a4 29. Nd2 Nxc5 30. Nb4 Qd6 31. Be2 Be6 32. Nd5 Bd7 33. h4 Rh8 34. Ra1 Bc8 35.
Nb1 Qd8 36. Bxh5 Bf8 37. Qd1 0-1

[Event "6th ch-Iberoamericano"]
[Site "Bilbao ESP"]
[Date "2015.10.26"]
[Round "1.5"]
[White "Prieto Aranguren, Alain"]
[Black "Bachmann, Axel"]
[Result "0-1"]
[BlackTitle "GM"]
[WhiteElo "2081"]
[BlackElo "2593"]
[WhiteFideId "2268906"]
[BlackFideId "3700488"]
[EventDate "2015.10.26"]

1. d4 Nf6 2. Bg5 d5 3. e3 e6 4. Nf3 c5 5. c3 Nbd7 6. Nbd2 Bd6 7. Bd3 h6 8. Bh4
b6 9. Bg3 Bxg3 10. hxg3 Bb7 11. Qb1 Rc8 12. e4 cxd4 13. Nxd4 O-O 14. exd5 Bxd5
15. O-O Nc5 16. Re1 Nxd3 17. Qxd3 Qc7 18. N2f3 Rfd8 19. Ne5 Qb7 20. f3 Rc5 21.
Nb3 Rcc8 22. Nd4 Nd7 23. Nxd7 Qxd7 24. Qe3 b5 25. a3 a5 26. Red1 Qb7 27. Nc2 Qb8
28. Kh2 e5 29. Qf2 Bb3 30. Rxd8+ Rxd8 31. Re1 f6 32. Re2 Qd6 33. Ne3 h5 34. Nf1
Qd1 35. Rd2 Rxd2 36. Nxd2 Bd5 37. Nf1 Bf7 38. Nd2 Bg6 39. Ne4 a4 40. Qd2 Qf1 41.
Qd8+ Kh7 42. Nxf6+ gxf6 43. Qe7+ Kg8 44. Qxf6 Qd3 45. Qe6+ Bf7 46. Qxe5 Qd5 47.
Qe7 Kg7 48. Qc7 Kf6 49. Qf4+ Ke6 50. Qc7 Qe5 51. Qc6+ Ke7 52. Qb7+ Kf6 53. Qb6+
Kg7 54. Qd8 Be8 55. f4 Qe2 56. Qg5+ Kf7 57. Qd5+ Kf8 58. Qd6+ Kg7 59. Qd4+ Kg8
60. Qd5+ Kf8 61. Qd6+ Kg7 62. Qd4+ Kh7 63. Qf6 Qe4 64. Qg5 Qg6 65. Qe5 Kg8 66.
f5 Qf7 67. f6 Bd7 68. Qg5+ Kh7 69. Qe5 Kg6 70. Qd4 Qe6 71. Kg1 Bc6 72. Qd8 Qe4
73. Qg8+ Kxf6 74. Qf8+ Ke6 75. Qc8+ Kd5 76. Qg8+ Kc5 77. Qf8+ Kc4 78. Qf7+ Kd3
79. Qf1+ Kc2 80. Qf2+ Kb3 81. Kh2 Qc2 0-1

[Event "6th ch-Iberoamericano"]
[Site "Bilbao ESP"]
[Date "2015.10.26"]
[Round "1.6"]
[White "Peralta, Fernando"]
[Black "Gonzalez Pereira, Asier"]
[Result "1-0"]
[WhiteTitle "GM"]
[WhiteElo "2563"]
[BlackElo "2080"]
[WhiteFideId "105309"]
[BlackFideId "2298058"]
[EventDate "2015.10.26"]

1. d4 Nf6 2. c4 e6 3. Nc3 Bb4 4. e3 b6 5. Bd3 Bb7 6. Nf3 O-O 7. O-O d5 8. cxd5
exd5 9. a3 Bd6 10. b4 a6 11. Qc2 Qe7 12. Bb2 Nbd7 13. b5 axb5 14. Nxb5 c5 15.
Nxd6 Qxd6 16. Bf5 Rfc8 17. dxc5 bxc5 18. Bxf6 Nxf6 19. Bxc8 Rxc8 20. Rab1 Ba8
21. Rfd1 Qe6 22. Rb5 Ne4 23. Rdb1 Qe8 24. Qb2 Bc6 25. Rb8 h5 26. Rxc8 Qxc8 27.
Qe5 Bb7 28. Qxh5 c4 29. Qe5 c3 30. Rc1 Qf8 31. Rxc3 Nxc3 32. Qxc3 Ba6 33. Nd4
Qb8 34. Qa1 Bd3 35. a4 Qb6 36. a5 Qg6 37. Qb2 Bc4 38. h3 Qd3 39. Kh2 g6 40. Qb8+
Kg7 41. Qe5+ Kg8 42. Qf6 Qd2 43. Nc6 1-0

[Event "6th ch-Iberoamericano"]
[Site "Bilbao ESP"]
[Date "2015.10.26"]
[Round "1.7"]
[White "Hernandez Izaguirre, Eder"]
[Black "Pichot, Alan"]
[Result "0-1"]
[BlackTitle "IM"]
[WhiteElo "2074"]
[BlackElo "2523"]
[WhiteFideId "2211343"]
[BlackFideId "110973"]
[EventDate "2015.10.26"]

1. c4 g6 2. g3 Bg7 3. Bg2 Nf6 4. Nc3 O-O 5. e4 c5 6. Nge2 Nc6 7. d3 Ne8 8. Be3
Nd4 9. O-O d6 10. Qd2 Bg4 11. f3 Bd7 12. Bh6 f5 13. Bxg7 Nxg7 14. f4 Bc6 15.
Nxd4 cxd4 16. Nd5 a5 17. b4 e6 18. b5 Be8 19. e5 exd5 20. Bxd5+ Bf7 21. Bxb7 Rb8
22. Bg2 dxe5 23. fxe5 Ne6 24. Rae1 Nc5 25. h4 Be6 26. Qh6 Nxd3 27. h5 Nxe1 28.
hxg6 Qe7 29. Rxe1 d3 30. Bd5 Bxd5 31. cxd5 Rxb5 32. d6 Qa7+ 33. Kf1 Qg7 34.
gxh7+ Qxh7 35. Qxh7+ Kxh7 36. e6 d2 0-1

[Event "6th ch-Iberoamericano"]
[Site "Bilbao ESP"]
[Date "2015.10.26"]
[Round "1.8"]
[White "Santos Latasa, Jaime"]
[Black "Carasa Del Portillo, Mikel"]
[Result "1-0"]
[WhiteTitle "IM"]
[WhiteElo "2518"]
[BlackElo "2018"]
[WhiteFideId "2293307"]
[BlackFideId "2265095"]
[EventDate "2015.10.26"]

1. d4 d5 2. Nf3 Nf6 3. c4 c6 4. Qc2 g6 5. Bf4 Bg7 6. e3 Bf5 7. Qb3 Qb6 8. Nc3
Nbd7 9. h3 Qxb3 10. axb3 a6 11. g4 Bc2 12. Nd2 Ne4 13. cxd5 Nxd2 14. Kxd2 Bxb3
15. dxc6 bxc6 16. Ra3 e5 17. Bxe5 Nxe5 18. Rxb3 Nf3+ 19. Ke2 Nh4 20. Rb6 O-O 21.
Kd2 Nf3+ 22. Kc2 a5 23. Bg2 Ng5 24. Bxc6 Rac8 25. f4 Ne6 26. Bd7 Rb8 27. Rxb8
Rxb8 28. Bxe6 fxe6 29. Ra1 Ra8 30. b4 1-0

[Event "6th ch-Iberoamericano"]
[Site "Bilbao ESP"]
[Date "2015.10.26"]
[Round "1.9"]
[White "Buiza Prieto, Aizbeltz"]
[Black "Del Rio De Angelis, Salvador G."]
[Result "1-0"]
[BlackTitle "GM"]
[WhiteElo "1991"]
[BlackElo "2512"]
[WhiteFideId "2211009"]
[BlackFideId "2203138"]
[EventDate "2015.10.26"]

1. e4 e6 2. d4 c5 3. d5 exd5 4. exd5 d6 5. Nc3 Nf6 6. Nf3 Be7 7. Bb5+ Nbd7 8. a4
a6 9. Bd3 Nb6 10. Be2 O-O 11. O-O Bg4 12. Re1 Re8 13. h3 Bh5 14. Bf4 Bf8 15. b3
Qd7 16. a5 Qf5 17. axb6 Bxf3 18. Bxf3 Qxf4 19. Ra4 Rxe1+ 20. Qxe1 Re8 21. Rxf4
Rxe1+ 22. Kh2 Rc1 23. Rxf6 gxf6 24. Be4 Be7 25. Na4 c4 26. bxc4 Ra1 27. c5 Rxa4
28. c6 bxc6 29. dxc6 Bd8 1-0

[Event "6th ch-Iberoamericano"]
[Site "Bilbao ESP"]
[Date "2015.10.26"]
[Round "1.10"]
[White "De La Riva Aguado, Oscar"]
[Black "Rodriguez Gonzalez, Alex"]
[Result "1-0"]
[WhiteTitle "GM"]
[WhiteElo "2497"]
[BlackElo "1988"]
[WhiteFideId "6900224"]
[BlackFideId "2255782"]
[EventDate "2015.10.26"]

1. e4 c5 2. Nf3 a6 3. c3 d5 4. exd5 Qxd5 5. d4 Nf6 6. Be2 g6 7. O-O cxd4 8. cxd4
Nc6 9. Nc3 Qd6 10. Bg5 Bg7 11. d5 Nd8 12. Qd2 Bf5 13. Bf4 Qb6 14. Na4 Qa7 15.
Be3 Ne4 16. Qb4 b6 17. Nxb6 Rb8 18. g4 a5 19. Qa4+ Bd7 20. Nxd7 Qxd7 21. Qxe4
Rb4 22. Nd4 e5 23. a3 f5 24. gxf5 Rxd4 25. Bxd4 gxf5 26. Bh5+ Nf7 27. Qg2 Rg8
28. Rfe1 Kf8 29. Bc5+ Nd6 30. Kh1 Bf6 31. Qh3 Be7 32. Rxe5 Ne4 33. Bxe7+ Qxe7
34. Qxf5+ 1-0

[Event "6th ch-Iberoamericano"]
[Site "Bilbao ESP"]
[Date "2015.10.27"]
[Round "2.1"]
[White "Vallejo Pons, Francisco"]
[Black "Aguera Naredo, Javier"]
[Result "1-0"]
[WhiteTitle "GM"]
[BlackTitle "FM"]
[WhiteElo "2684"]
[BlackElo "2375"]
[WhiteFideId "2205530"]
[BlackFideId "2204169"]
[EventDate "2015.10.26"]

1. d4 g6 2. e4 Bg7 3. c4 d6 4. Nc3 Nf6 5. f3 O-O 6. Be3 c5 7. Nge2 Nc6 8. d5 Ne5
9. Ng3 e6 10. Be2 exd5 11. cxd5 a6 12. a4 Bd7 13. f4 Neg4 14. Bd2 h5 15. h3 Nh6
16. O-O b5 17. e5 Ne8 18. axb5 axb5 19. Rxa8 Qxa8 20. Nxb5 h4 21. Ne4 Bxb5 22.
Bxb5 Qxd5 23. Qf3 Nf5 24. Bxe8 Qd4+ 25. Kh2 d5 26. Nd6 Qxd2 27. Bxf7+ Kh8 28.
Nxf5 Rxf7 29. Nxh4 1-0

[Event "6th ch-Iberoamericano"]
[Site "Bilbao ESP"]
[Date "2015.10.27"]
[Round "2.2"]
[White "Trigo Urquijo, Sergio"]
[Black "Granda Zuniga, Julio E"]
[Result "0-1"]
[WhiteTitle "FM"]
[BlackTitle "GM"]
[WhiteElo "2362"]
[BlackElo "2667"]
[WhiteFideId "2262436"]
[BlackFideId "3800024"]
[EventDate "2015.10.26"]

1. d4 Nf6 2. c4 e6 3. Nc3 Bb4 4. e3 c5 5. Ne2 b6 6. a3 Ba5 7. Rb1 Na6 8. g3 Bb7
9. d5 exd5 10. Bg2 Qb8 11. cxd5 b5 12. O-O b4 13. Ne4 Nxe4 14. Bxe4 Qe5 15. Bg2
O-O 16. Qa4 Bb6 17. Qxd7 Nc7 18. f4 Qe8 19. Qxe8 Rfxe8 20. Rd1 Rad8 21. e4 Nxd5
22. Bd2 Ba6 23. Be1 Bxe2 24. Rxd5 Rxd5 25. exd5 Bd3 26. Rc1 c4+ 27. Bf2 c3 0-1

[Event "6th ch-Iberoamericano"]
[Site "Bilbao ESP"]
[Date "2015.10.27"]
[Round "2.3"]
[White "Bruzon Batista, Lazaro"]
[Black "Matnadze, Ana"]
[Result "1-0"]
[WhiteTitle "GM"]
[BlackTitle "IM"]
[WhiteElo "2659"]
[BlackElo "2353"]
[WhiteFideId "3503739"]
[BlackFideId "13601377"]
[EventDate "2015.10.26"]

1. c4 Nf6 2. g3 c5 3. Bg2 g6 4. Nf3 Bg7 5. Nc3 O-O 6. d4 d5 7. dxc5 dxc4 8. Qxd8
Rxd8 9. Ne5 Nc6 10. Nxc6 bxc6 11. Bxc6 Rb8 12. Bg2 Be6 13. c6 Rdc8 14. O-O Ng4
15. Rd1 Ne5 16. Bf4 g5 17. Bxg5 Nxc6 18. Bxc6 Rxc6 19. Bxe7 f5 20. Ba3 Kf7 21.
Rd2 h5 22. Rad1 h4 23. Kg2 hxg3 24. hxg3 Be5 25. Kf3 Ra6 26. Bd6 Rxd6 27. Rxd6
Rxb2 28. Rc6 Bc8 29. Nb1 Bg7 30. Nc3 Be6 31. Ra1 Kg8 32. Rd1 Kf7 33. Kg2 Be5 34.
Kf3 Rb4 35. Nd5 Ra4 36. Nf4 Ra3+ 37. e3 Bxf4 38. Kxf4 c3 39. Kg5 Bxa2 40. Rd7+
Ke8 41. Rg7 Kd8 42. Rh6 1-0

[Event "6th ch-Iberoamericano"]
[Site "Bilbao ESP"]
[Date "2015.10.27"]
[Round "2.4"]
[White "Ladron De Guevara Pinto, Paolo"]
[Black "Fier, Alexandr"]
[Result "0-1"]
[WhiteTitle "FM"]
[BlackTitle "GM"]
[WhiteElo "2335"]
[BlackElo "2624"]
[WhiteFideId "2290847"]
[BlackFideId "2107139"]
[EventDate "2015.10.26"]

1. e4 c5 2. b3 Nf6 3. e5 Nd5 4. Bb2 g6 5. e6 f6 6. exd7+ Bxd7 7. Nc3 Bc6 8. Nf3
e5 9. Nxd5 Bxd5 10. Bb5+ Nc6 11. Qe2 Bg7 12. O-O O-O 13. Bc4 Kh8 14. Rfe1 Nb4
15. Bxd5 Qxd5 16. d3 Rae8 17. a3 Nc6 18. Qe4 Qd6 19. Nd2 f5 20. Nc4 Qd7 21. Qe2
Nd4 22. Qd1 Re6 23. b4 b6 24. bxc5 bxc5 25. a4 Rfe8 26. a5 h5 27. Rb1 Kh7 28. h3
Qd5 29. Ne3 Qc6 30. c3 Nb5 31. c4 Nc7 32. Qb3 Rd6 33. Rbd1 f4 34. Nf1 f3 35. Ng3
fxg2 36. Ne4 Rdd8 37. Re3 Ne6 38. Rg3 Nf4 39. Qc2 Kg8 40. Bc1 Nxd3 41. Rgxd3
Qxe4 42. Rxd8 Qxc2 43. Rxe8+ Kf7 44. Red8 Bf6 45. R8d7+ Ke6 46. Be3 Qxc4 47.
Rxa7 g5 48. Kxg2 g4 49. Kh2 Qe2 50. Rg1 e4 51. hxg4 Bd4 52. Rg2 Be5+ 53. Kh3
Qf3+ 0-1

[Event "6th ch-Iberoamericano"]
[Site "Bilbao ESP"]
[Date "2015.10.27"]
[Round "2.5"]
[White "Bachmann, Axel"]
[Black "Medarde Santiago, Luis Marcos"]
[Result "1-0"]
[WhiteTitle "GM"]
[WhiteElo "2593"]
[BlackElo "2324"]
[WhiteFideId "3700488"]
[BlackFideId "2263076"]
[EventDate "2015.10.26"]

1. Nf3 Nf6 2. c4 g6 3. Nc3 d5 4. cxd5 Nxd5 5. Qb3 Nb6 6. d4 Bg7 7. Bf4 Be6 8.
Qa3 Nc6 9. e3 O-O 10. Bb5 Nd5 11. Bg3 Ncb4 12. Rc1 c6 13. Be2 a5 14. O-O h6 15.
Rfd1 b5 16. Ne5 Nxc3 17. bxc3 Nxa2 18. Nxc6 Nxc1 19. Rxc1 Qb6 20. Bf3 b4 21.
cxb4 axb4 22. Qxb4 Qxb4 23. Nxb4 Rac8 24. Ra1 Rfd8 25. h3 Bf6 26. Nc6 Rd7 27.
Ra5 Bc4 28. Kh2 Kh7 29. Rc5 Ba6 30. Nb8 Rxc5 31. dxc5 Ra7 32. Nxa6 Rxa6 33. c6 1-0

[Event "6th ch-Iberoamericano"]
[Site "Bilbao ESP"]
[Date "2015.10.27"]
[Round "2.6"]
[White "Larrea, Manuel"]
[Black "Peralta, Fernando"]
[Result "0-1"]
[WhiteTitle "FM"]
[BlackTitle "GM"]
[WhiteElo "2311"]
[BlackElo "2563"]
[WhiteFideId "3000508"]
[BlackFideId "105309"]
[EventDate "2015.10.26"]

1. e4 e6 2. d4 d5 3. Nc3 Nf6 4. e5 Nfd7 5. f4 c5 6. Nf3 Nc6 7. Be3 Be7 8. Qd2
O-O 9. Be2 b6 10. O-O f5 11. Rfd1 Bb7 12. a4 Kh8 13. Nb5 a6 14. Na3 cxd4 15.
Nxd4 Nc5 16. Bf3 Nxd4 17. Qxd4 Qc7 18. Nb1 Rac8 19. Nc3 Ne4 20. Ne2 Bc5 21. Qd3
g5 22. Nd4 gxf4 23. Bxf4 Qe7 24. c3 a5 25. Qe3 Rg8 26. h3 Rg6 27. Kh2 Rcg8 28.
Bxe4 dxe4 29. g3 Ba6 30. Qd2 Bd3 31. Nb3 Qg7 32. Nxc5 Rxg3 33. Nxe6 Ra8 34. Rh1
Bb5 35. axb5 0-1

[Event "6th ch-Iberoamericano"]
[Site "Bilbao ESP"]
[Date "2015.10.27"]
[Round "2.7"]
[White "Pichot, Alan"]
[Black "Rodriguez Fontecha, Marcos"]
[Result "1/2-1/2"]
[WhiteTitle "IM"]
[BlackTitle "FM"]
[WhiteElo "2523"]
[BlackElo "2309"]
[WhiteFideId "110973"]
[BlackFideId "2256576"]
[EventDate "2015.10.26"]

1. e4 e6 2. d4 d5 3. Nd2 a6 4. Ngf3 Nf6 5. Bd3 c5 6. exd5 Qxd5 7. dxc5 Bxc5 8.
O-O Nbd7 9. Qe2 b5 10. a4 b4 11. Ne4 Bb7 12. Nxc5 Nxc5 13. Bc4 Qh5 14. Ne5 Qh4
15. Be3 Qe4 16. Nf3 Rc8 17. Rfd1 O-O 18. Rd4 Qf5 19. Rf4 Qh5 20. Bd4 Nd5 21. Rh4
Qf5 22. Qe5 Qg6 23. Bxc5 Rxc5 24. Bd3 f5 25. Re1 b3 26. cxb3 Nb4 27. Qe3 Nxd3
28. Qxd3 Be4 29. Qe3 Rd5 30. Ng5 Rd3 31. Qf4 Bd5 32. g3 e5 33. Qc1 f4 34. Rxe5
Bxb3 35. Kg2 h6 36. Ne4 Rd5 37. Qc3 Rxe5 38. Qxe5 f3+ 39. Kg1 Rd8 40. h3 Qc6 41.
Rg4 Qb7 42. Nc5 Rd1+ 43. Kh2 Qa7 44. Qe8+ Kh7 45. Qe4+ Kh8 46. Qe3 Bd5 47. Rd4
Rxd4 48. Qxd4 Qf7 49. Nd3 Qf5 50. Nf4 Bc6 51. b3 h5 52. h4 a5 53. Qd8+ Kh7 54.
Nh3 Qc5 55. Ng5+ Kh6 56. Qd6+ Qxd6 57. Nf7+ Kg6 58. Nxd6 Bd5 59. Nc4 Bxc4 60.
bxc4 Kf5 61. c5 Ke5 62. g4 Kd5 63. Kg3 hxg4 64. Kxg4 Kxc5 65. Kxf3 Kb4 66. Ke2
Kxa4 67. f4 Kb3 68. f5 a4 69. f6 gxf6 70. h5 a3 71. h6 a2 72. h7 a1=Q 73. h8=Q
Qe5+ 74. Kf3 Kc4 75. Qc8+ Kd4 76. Qd7+ Kc5 77. Qc8+ Kd6 78. Qb8+ Ke6 79. Qxe5+
Kxe5 1/2-1/2

[Event "6th ch-Iberoamericano"]
[Site "Bilbao ESP"]
[Date "2015.10.27"]
[Round "2.8"]
[White "Murillo Tsijli, Alexis"]
[Black "Santos Latasa, Jaime"]
[Result "0-1"]
[WhiteTitle "IM"]
[BlackTitle "IM"]
[WhiteElo "2291"]
[BlackElo "2518"]
[WhiteFideId "6500218"]
[BlackFideId "2293307"]
[EventDate "2015.10.26"]

1. Nf3 Nf6 2. b3 d5 3. Bb2 e6 4. e3 Be7 5. d4 O-O 6. Nbd2 b6 7. Bd3 Bb7 8. O-O
Nbd7 9. c4 c5 10. Qc2 h6 11. Rad1 cxd4 12. exd4 Qc7 13. Rfe1 Rac8 14. a3 Rfd8
15. h3 Qb8 16. Qb1 Qa8 17. Bf1 a5 18. a4 Bb4 19. Re3 Bc6 20. Ne5 Nxe5 21. dxe5
Ne4 22. Nxe4 dxe4 23. Rg3 Bc5 24. Qc1 Kh7 25. Rxd8 Rxd8 26. Qf4 Rd7 27. Bc1 Qf8
28. Be2 Bd4 29. h4 Qc5 30. Be3 Qxe5 31. Qxe5 Bxe5 32. Bxb6 Bxg3 33. fxg3 Rd2 34.
Kf1 Rb2 35. Bd1 Bxa4 0-1

[Event "6th ch-Iberoamericano"]
[Site "Bilbao ESP"]
[Date "2015.10.27"]
[Round "2.9"]
[White "Del Rio De Angelis, Salvador G."]
[Black "Alonso Bouza, Julio Javier"]
[Result "1-0"]
[WhiteTitle "GM"]
[BlackTitle "FM"]
[WhiteElo "2512"]
[BlackElo "2290"]
[WhiteFideId "2203138"]
[BlackFideId "3508889"]
[EventDate "2015.10.26"]

1. d4 Nf6 2. c4 c5 3. d5 b5 4. cxb5 a6 5. e3 Bb7 6. Nc3 axb5 7. Bxb5 Qa5 8. Bd2
e6 9. Nf3 Qb6 10. dxe6 fxe6 11. O-O Be7 12. Bd3 d5 13. Bb5+ Nc6 14. Ng5 Bc8 15.
e4 d4 16. e5 dxc3 17. exf6 Bxf6 18. Bxc3 O-O 19. Qh5 h6 20. Bxf6 hxg5 21. Bxc6
Qxc6 22. Bc3 Qd5 23. Rad1 Qf5 24. Rde1 Ba6 25. Re5 Qc2 26. Rxg5 Ra7 27. Qh6 Rff7
28. Qxe6 Bxf1 29. Rxg7+ Kf8 30. Qc8+ Ke7 31. Qxc5+ Kd8 32. Rg8+ Rf8 33. Qb5 Ra8 1-0

[Event "6th ch-Iberoamericano"]
[Site "Bilbao ESP"]
[Date "2015.10.27"]
[Round "2.10"]
[White "Gonzalez Trigal, Jose Luis"]
[Black "De La Riva Aguado, Oscar"]
[Result "1-0"]
[BlackTitle "GM"]
[WhiteElo "2268"]
[BlackElo "2497"]
[WhiteFideId "2212420"]
[BlackFideId "6900224"]
[EventDate "2015.10.26"]

1. d4 f5 2. g3 g6 3. Bg2 Bg7 4. Nf3 Nf6 5. O-O O-O 6. c4 d6 7. Nc3 Nc6 8. d5 Ne5
9. Nd2 c5 10. b3 a6 11. Bb2 g5 12. Nf3 h6 13. Qd2 Ng6 14. Qc2 Rb8 15. Rae1 b5
16. Ba1 Qe8 17. e3 Qf7 18. Nd2 b4 19. Ne2 Ra8 20. Qd1 Ne5 21. Nf3 Ng6 22. Qc2
Rb8 23. Bb2 Qe8 24. Ba1 Qf7 25. Nd2 f4 26. exf4 gxf4 27. Bxf6 Bxf6 28. Be4 Ne5
29. Nxf4 Kh8 30. Ng6+ Nxg6 31. Bxg6 Qg7 32. Bf5 Bxf5 33. Qxf5 Rf7 34. Qh5 Rbf8
35. Re6 Qh7 36. Ne4 Bg7 37. f4 Rf5 38. Qg6 Qxg6 39. Rxg6 a5 40. Re6 R5f7 41. Re1
a4 42. Nf2 axb3 43. axb3 Ra8 44. Rxe7 Rxe7 45. Rxe7 Bd4 46. Kf1 Ra3 47. Ne4 Rxb3
48. Nxd6 Ra3 49. Rb7 b3 50. Nf7+ Kg7 51. Ne5+ Kf8 52. d6 b2 53. d7 Ra8 54. Nc6
Bf6 55. d8=Q+ Bxd8 56. Rxb2 Bf6 57. Ne5 Ra1+ 58. Kg2 Bxe5 59. fxe5 Re1 60. Rb6
Kg7 61. Rc6 Rxe5 62. Kf3 Rf5+ 63. Ke4 Rf2 64. h4 Re2+ 65. Kf3 Re5 66. Kf4 Rh5
67. Rd6 Kf7 68. Ke4 1-0

[Event "6th ch-Iberoamericano"]
[Site "Bilbao ESP"]
[Date "2015.10.27"]
[Round "3.1"]
[White "Gonzalez Acosta, Bernal"]
[Black "Vallejo Pons, Francisco"]
[Result "0-1"]
[WhiteTitle "GM"]
[BlackTitle "GM"]
[WhiteElo "2497"]
[BlackElo "2684"]
[WhiteFideId "6500170"]
[BlackFideId "2205530"]
[EventDate "2015.10.26"]

1. d4 Nf6 2. c4 e6 3. g3 d5 4. Nf3 Bb4+ 5. Bd2 Be7 6. Bg2 O-O 7. O-O c6 8. Qc2
Nbd7 9. Bf4 Ne4 10. Nfd2 f5 11. Nxe4 dxe4 12. f3 e5 13. dxe5 g5 14. Bd2 exf3 15.
exf3 Nxe5 16. f4 Ng4 17. Bf3 Be6 18. h3 Qd4+ 19. Kg2 Bxc4 20. hxg4 Bxf1+ 21.
Kxf1 Bc5 22. Qb3+ Rf7 23. Kg2 Qg1+ 24. Kh3 Bf2 25. Bg2 fxg4+ 0-1

[Event "6th ch-Iberoamericano"]
[Site "Bilbao ESP"]
[Date "2015.10.27"]
[Round "3.2"]
[White "Granda Zuniga, Julio E"]
[Black "Perez Mitjans, Orelvis"]
[Result "1-0"]
[WhiteTitle "GM"]
[BlackTitle "GM"]
[WhiteElo "2667"]
[BlackElo "2457"]
[WhiteFideId "3800024"]
[BlackFideId "3502856"]
[EventDate "2015.10.26"]

1. d4 Nf6 2. Nf3 g6 3. Bg5 Bg7 4. Nbd2 c5 5. e3 O-O 6. Bxf6 exf6 7. dxc5 Qa5 8.
c3 Qxc5 9. Nb3 Qe7 10. g3 Rd8 11. Bg2 d5 12. O-O Nc6 13. Nbd4 Ne5 14. Qb3 Nd3
15. Rfd1 Nc5 16. Qc2 h5 17. Ne1 h4 18. Nd3 hxg3 19. hxg3 Bg4 20. Bf3 Bxf3 21.
Nxf3 Qe4 22. Nd4 Ne6 23. Nf4 Ng5 24. Qxe4 dxe4 25. Kf1 f5 26. Ke2 Be5 27. a4 Nh7
28. a5 a6 29. Nb3 Nf6 30. Nc5 Kf8 31. Nce6+ fxe6 32. Nxg6+ Kg7 33. Nxe5 Nd5 34.
Nc4 Kf6 35. Nd2 Rac8 36. Ra3 Rh8 37. g4 Ke5 38. Ra4 Rxc3 39. Nc4+ Kf6 40. Rxd5
exd5 41. bxc3 dxc4 42. Rxc4 Rh1 43. gxf5 Kxf5 44. Rc5+ Ke6 45. c4 Ra1 46. Kd2
Ra2+ 47. Kc3 Rxf2 48. Kd4 Ra2 49. Kxe4 Ra1 50. Rd5 Ra2 51. Kd4 Ra1 52. e4 Ra2
53. Rh5 Ra3 54. Rh7 Rxa5 55. Rxb7 Kd6 56. Rb6+ Kd7 57. e5 Ra1 58. Rd6+ Ke7 59.
Kc5 Ra5+ 60. Kb6 Rxe5 61. c5 Re1 62. Rd4 Rb1+ 63. Kxa6 Ke6 64. c6 Ke7 65. Rd5
Rb2 66. c7 Rc2 67. Kb7 Rb2+ 68. Kc8 Rb1 69. Rh5 Rg1 70. Rh6 1-0

[Event "6th ch-Iberoamericano"]
[Site "Bilbao ESP"]
[Date "2015.10.27"]
[Round "3.3"]
[White "Astasio Lopez, David"]
[Black "Bruzon Batista, Lazaro"]
[Result "0-1"]
[WhiteTitle "FM"]
[BlackTitle "GM"]
[WhiteElo "2424"]
[BlackElo "2659"]
[WhiteFideId "2230208"]
[BlackFideId "3503739"]
[EventDate "2015.10.26"]

1. d4 Nf6 2. Nf3 e6 3. Nbd2 c5 4. e3 b6 5. Bd3 Be7 6. O-O O-O 7. Qe2 Bb7 8. c3
Nc6 9. Re1 d5 10. h3 Qc7 11. dxc5 bxc5 12. e4 Rfe8 13. e5 Nd7 14. Nf1 a5 15.
N1h2 Qb6 16. Qc2 Nf8 17. Ng5 Bxg5 18. Bxg5 Ba6 19. Rad1 Rab8 20. Bc1 Bxd3 21.
Qxd3 Ng6 22. Qg3 Nce7 23. Qg4 Nf5 24. Nf3 Qa6 25. h4 h6 26. h5 Nge7 27. Qf4 Nc6
28. g4 Nfe7 29. Kg2 Rf8 30. g5 Nf5 31. Nh2 hxg5 32. Qg4 Qc4 33. Qxc4 dxc4 34.
Nf3 g4 35. Nd2 Rfd8 36. Nxc4 Rd5 37. Bf4 Rbd8 38. Rc1 Rd3 39. Re4 Rh3 40. Kf1
Ne3+ 41. Ke2 Nf5 42. Be3 Nxe3 43. Nxe3 g3 44. fxg3 Rh2+ 45. Kf3 Rxh5 46. Kf4 Rd3
47. Re1 Ne7 48. Kg4 Rh2 49. Rc4 Rxb2 50. Rxc5 g6 51. Rxa5 Rxc3 52. Kh3 Kg7 53.
Ra7 Nf5 54. Nf1 Rf2 55. a4 Rcf3 56. a5 Rxf1 0-1